000 00364nam a22001457a 4500
003 SGT
020 _a9781424323470
082 _a303.325
_bCAM
100 _aCAMACHO DANIEL
245 _aRELIGION DECODED BOOK 1 COMMANDMENTS OF TERROR
_bHOW RELIGION BREEDS TERROR AND SUPPLANTS SPIRITUALITY
250 _a1
260 _c2006
300 _a284
942 _2ddc
_cBK
999 _c33603
_d33603